<?xml version="1.0" encoding="UTF-8"?><?xml-stylesheet type="text/xsl" href="static/style.xsl"?><OAI-PMH xmlns="http://www.openarchives.org/OAI/2.0/" xmlns:xsi="http://www.w3.org/2001/XMLSchema-instance" xsi:schemaLocation="http://www.openarchives.org/OAI/2.0/ http://www.openarchives.org/OAI/2.0/OAI-PMH.xsd"><responseDate>2026-06-01T18:46:57Z</responseDate><request verb="GetRecord" identifier="oai:riuma.uma.es:10630/28780" metadataPrefix="marc">https://riuma.uma.es/rest/oai/request</request><GetRecord><record><header><identifier>oai:riuma.uma.es:10630/28780</identifier><datestamp>2026-02-03T12:55:40Z</datestamp><setSpec>com_10630_4717</setSpec><setSpec>com_10630_3139</setSpec><setSpec>com_10630_10</setSpec><setSpec>col_10630_28778</setSpec></header><metadata><record xmlns="http://www.loc.gov/MARC21/slim" xmlns:dcterms="http://purl.org/dc/terms/" xmlns:doc="http://www.lyncode.com/xoai" xmlns:xsi="http://www.w3.org/2001/XMLSchema-instance" xsi:schemaLocation="http://www.loc.gov/MARC21/slim http://www.loc.gov/standards/marcxml/schema/MARC21slim.xsd">
   <leader>00925njm 22002777a 4500</leader>
   <datafield ind2=" " ind1=" " tag="042">
      <subfield code="a">dc</subfield>
   </datafield>
   <datafield ind2=" " ind1=" " tag="720">
      <subfield code="a">Lobillo-Mora, Gema María</subfield>
      <subfield code="e">author</subfield>
   </datafield>
   <datafield ind2=" " ind1=" " tag="720">
      <subfield code="a">Smolak-Lozano, Emilia</subfield>
      <subfield code="e">author</subfield>
   </datafield>
   <datafield ind2=" " ind1=" " tag="260">
      <subfield code="c">2019-06-26</subfield>
   </datafield>
   <datafield ind2=" " ind1=" " tag="520">
      <subfield code="a">La investigación se ha enmarcado en el estudio de la gestión de la comunicación organizacional en el deporte, con el enfoque en las redes sociales como canales estratégicos para establecer las relaciones con los fans de fútbol. Olabe (2012) y Ginesta (2011) han estudiado su influencia en la comunicación con los distintos públicos de las entidades deportivas. Sin embargo, son limitados los estudios de valor de la presencia e interacción mutua entre los clubes y sus jugadores estrella en sus respectivas estrategias digitales de comunicación corporativa basadas interactividad, influencia y publicity. El objetivo del estudio es demostrar la relación estratégica de la comunicación digital de los clubes de fútbol más importantes en la Liga de Fútbol Profesional (Real Madrid CF y FC Barcelona), con sus deportistas más mediáticos (Cristiano Ronaldo y Leo Messi) en Facebook, Twitter e Instagram. Para ello, se ha utilizado una triangulación metodológica, centrada en analítica Web 2.0 y análisis del contenido, abarcando el periodo de la competición de la LFP y descanso. Los resultados demuestran un alto rendimiento de perfiles en cuanto a actividad, popularidad y valor publicitario. Las conclusiones confirman la relación comunicacional entre los jugadores profesionales con sus respectivos clubes, desarrollando una clara visión de su estrategia comunicativa. Los clubes estudiados realizan estrategias distintas para sus jugadores; así como los jugadores estudiados tienen una marcada diferencia en cuanto a el objetivo de sus publicaciones en redes sociales.</subfield>
   </datafield>
   <datafield ind1="8" ind2=" " tag="024">
      <subfield code="a">Lobillo- Mora, G. y Smolak- Lozano, E. (2019). La relación como valor estratégico en comunicación organizacional entre los clubes de fútbol y jugadores estrella en redes sociales. Estudio del Caso de Real Madrid CF/Cristiano Ronaldo y FC Barcelona/Leo Messi. Revista Internacional de Relaciones Públicas, Vol. IX, Nº 17, 71-96</subfield>
   </datafield>
   <datafield ind1="8" ind2=" " tag="024">
      <subfield code="a">https://hdl.handle.net/10630/28780</subfield>
   </datafield>
   <datafield ind1="8" ind2=" " tag="024">
      <subfield code="a">10.5783/revrrpp.v9i17.576</subfield>
   </datafield>
   <datafield tag="653" ind2=" " ind1=" ">
      <subfield code="a">Deportes -  Relaciones públicas</subfield>
   </datafield>
   <datafield tag="653" ind2=" " ind1=" ">
      <subfield code="a">Redes sociales en Internet</subfield>
   </datafield>
   <datafield tag="653" ind2=" " ind1=" ">
      <subfield code="a">Deportistas</subfield>
   </datafield>
   <datafield tag="653" ind2=" " ind1=" ">
      <subfield code="a">Fútbol - Aspectos sociales</subfield>
   </datafield>
   <datafield ind2="0" ind1="0" tag="245">
      <subfield code="a">La relación como valor estratégico en comunicación  organizacional entre los clubes de fútbol y jugadores  estrella en redes sociales. Estudio del caso de Real Madrid  CF/Cristiano Ronaldo y FC Barcelona/Leo Messi</subfield>
   </datafield>
</record>
</metadata></record></GetRecord></OAI-PMH>